000 00263nam a22001097a 4500
008 160613b xxu||||| |||| 00| 0 eng d
020 _a9780323051927
041 _aeng
080 _a618.2
245 _aGuide to nursing diagnosis:
_cGail B. Ladwig;
942 _2udc
_cBK
999 _c2495
_d2495